000 00865nam a2200253Ia 4500
008 130821s2006 mx gr spa
020 _a9682476631
040 _aCo-BoUCM
_bspa
041 0 0 _aspa
100 1 _aGasperín, Roberto Rodolfo de
_9168129
245 1 0 _aEtimologías latinas módulos para bachillerato
_cRodilfo Roberto de Gasperín, Gino Raúl de Gasperín
250 _a3a. Ed.
260 _aMéxico D.F. (México)
_bTrillas
_c2006
300 _a157 páginas
490 0 _aMódulos para bachillerato
504 _aIncluye referencias bibliográficas e índice.
650 0 4 _aEtimología
_915269
650 0 4 _aLatín
_918289
650 0 4 _aLatín
_xEnseñanza
_918289
650 0 4 _aLingüística aplicada
_9439
700 1 _aGasperín, Gino Raúl de
_9168130
942 _cLIBRO
_a12
_e3
_mG249e
_2DEWEY
_h472
999 _c71979
_d71979